| 000 | 01250nam a22002057a 4500 | ||
|---|---|---|---|
| 003 | BD-DhUL | ||
| 005 | 20240118100031.0 | ||
| 008 | 240118s2023 bg ||||| b||| 00| 0 ben d | ||
| 040 |
_aBD-DhUL _cBD-DhUL |
||
| 082 |
_a891.442009 _bTAR |
||
| 100 | 1 | _aতালুকদার, বরুন | |
| 245 |
_aরবীনদ্রনাথ ঠাকুরের নাটকে বৌদ্ধ প্রভাব সমীক্ষা / _cবরুন তালুকদার _h[অভিসন্দর্ভ] |
||
| 260 |
_aঢাকা : _bঢাকা বিশ্ববিদ্যালয়, _c২০২৩ । |
||
| 300 |
_a[৪],viii, ১২১ পৃ. ; _c30 সেমি. |
||
| 504 | _aঅভিসন্দর্ভ (এম.ফিল) ডিগ্রির - - পালি বুদ্বিস্ট স্টাডিজ বিভাগ, ঢাকা বিশ্ববিদ্যালয়, ২০২৩ । গ্রন্থপঞ্জি: পৃ. ১১৭-১২১ । | ||
| 504 | _aগ্রন্থপঞ্জি: পৃ. ১১৭-১২১ । | ||
| 650 | _aবাংলা নাটক সমালোচনা ও ব্যাখ্যা | ||
| 650 |
_aBengali drama _vHistory and criticism |
||
| 942 |
_2ddc _cREF |
||
| 999 |
_c258903 _d258903 |
||